000 01266nam a2200229Ia 4500
003 Ost
005 20260507075407.0
008 260507s9999||||xx |||||||||||||| ||und||
040 _cfsecg
041 _aara
082 _a600
100 _aعجور، محمود علي متولي
_eمؤلف
245 0 _aالإحصاء والاحتمالات وبحوث العمليات /
_c محمود علي متولي عجور
260 _aالقاهرة:
_bدار الشيمي,
_c2009
300 _a271 صفحة؛
_bإيضاحات ؛
_c25 سم
520 _aيضم نظرية الاحتمالات والاحصاء، نظرية الفئات، التجربة العشوائية ، المتغيرات العشوائية ، المقاييس الأولية للنزعة المركزية ، بحوث العمليات ، طرق اتخاذ القرار، نظرية الدوائر ، أسلوب بورت ، البرمجة الخطية ، معادلة الخط المستقيم ، مشاكل النقل والتخصص، طرق تقييم أساليب التنبؤ
653 _aالإحتمالات
653 _aالإحصاء - المعاملات الإرتباطية
653 _aالإحصاء الرياضي
653 _aبحوث العمليات
942 _cكتاب
999 _c44318
_d44318